00971cam a22002178i 45000010009000000050017000090080039000260100017000650200018000820200018001000400044001180410008001621000033001702450332002032600065005353000023006005040053006236500023006766500027006996500027007261864552820151019080914.0150605s2015 xxu b 001 0 eng a 2015009549 a9781107025912 a9781107688865 aCO-BoUCMbengcDavid AviladDavid Avila0 aeng1 aSwinnen, Johan F. M.,d1962-10aQuality standards, value chains, and international development ban economic and political theory cJo Swinnen, Catholic University of Leuven, Belgium, Thijs Vandemoortele, Catholic University of Leuven, Belgium, Koen Deconinck, Catholic University of Leuven, Belgium, Anneleen Vandeplas, Catholic University of Leuven, Belgium aNew York (Estados Unidos)b Cambridge University Pressc2015 axii, 328 páginas aIncluye referencias bibliográficas e índices 0aValor (Economía) 0aComercio internacional 0aDesarrollo económico